Sedimentary petrology: an introduction to the origin of sedimentary rocks

Đã lưu trong:
Chi tiết về thư mục
Tác giả chính: Tucker, Maurice E (Tác giả)
Định dạng: Sách
Ngôn ngữ:Tiếng Anh
Được phát hành: Malden Blackwell Publishing 2001
Phiên bản:3a. ed
Những chủ đề:
Các nhãn: Thêm thẻ
Không có thẻ, Là người đầu tiên thẻ bản ghi này!

MARC

LEADER 00000cam a2200000 a 4500
001 UCE5638
003 CL-VaPUC
008 150305e20010000us |||||||||||||||||eng|d
020 |a 9780632057351 
082 0 4 |a 552.5  |b TUC  |2 21 
100 0 |a Tucker, Maurice E  |e author  |9 578301 
245 1 0 |a Sedimentary petrology: an introduction to the origin of sedimentary rocks 
250 |a 3a. ed 
300 |a 262 p 
942 |c BK 
945 |d 20150305 12:52:00  |a cmena 
260 |a Malden  |b Blackwell Publishing  |c 2001 
650 7 |a PETROLOGIA  |2 CL-VaPUC  |9 262839 
650 7 |a ROCAS SEDIMENTARIAS  |2 CL-VaPUC  |9 261673 
583 |a last modification  |c 20150305 12:52:00  |k Rodrigo Vera 
999 |c 358290  |d 358288 
952 |0 0  |1 0  |3 erb  |4 0  |6 552_500000000000000_TUC_2001  |7 0  |8 A  |9 466906  |a BIBING  |b BIBING  |i 5138604  |o 552.5 TUC 2001  |p 5138604  |r 2025-01-20  |w 2019-11-23  |y BK  |z Catalogado en:20150305  |k EIQ 
952 |0 0  |1 0  |3 erb  |4 0  |6 552_500000000000000_TUC_2001  |7 0  |8 A  |9 466907  |a BIBING  |b BIBING  |i 5138590  |o 552.5 TUC 2001  |p 5138590  |r 2025-01-20  |w 2019-11-23  |y BK  |z Catalogado en:20150305  |k EIQ 
952 |0 0  |1 0  |3 erb  |4 0  |6 552_500000000000000_TUC_2001  |7 0  |8 A  |9 466908  |a BIBING  |b BIBING  |i 5138582  |o 552.5 TUC 2001  |p 5138582  |r 2025-01-20  |w 2019-11-23  |y BK  |z Catalogado en:20150305  |k EIQ